| 000 | 00747nam a2200229 i 4500 | ||
|---|---|---|---|
| 001 | 188464 | ||
| 003 | ES-MaACL | ||
| 005 | 20250710063341.0 | ||
| 008 | 181120s2006 xxk |||| | eng d | ||
| 020 | _a978-0-330-48329-2 | ||
| 080 | _a821.111(417)-31"19" | ||
| 100 | 1 |
_aBanville, John, _d1945- _925221 |
|
| 245 | 1 | 4 |
_aThe sea / _cJohn Banville. |
| 260 |
_aLondon : _bPicador, _c2006. |
||
| 300 |
_a264 p. ; _c20 cm. |
||
| 586 | _aWinner of the Man Booker Prize 2005 | ||
| 852 |
_aES-MaACL _jA-14269 _9 195594 _bR.151801 _cDEPO1 _dOlim: N-7269 _hDonación: Embajada de Irlanda |
||
| 914 |
_9234032 _aEmbajada de Irlanda en España _ednr |
||
| 942 |
_2udc _cMONOGRAFIA |
||
| 999 |
_c188464 _d188464 |
||